000 00502nam a2200181Ia 4500
003 GCL
008 140319s9999 xx 000 0 eng d
040 _aGCL /
_cGCL
082 0 4 _a536
_b042
_bL P
100 1 _aEAGLETON, TERRY
245 1 0 _aPHASE TRANSFORMATIONS IN METALS AND ALLEYS SECOND EDITION /
_cEAGLETON, TERRY
700 1 _aLACKHART, CHARLES
260 _a[S.N] :
_bMACMILLAN PUBLISHING COMPANY
650 0 4 _aMETAL - TECHNIQUES
650 0 4 _aMETALS
650 0 4 _aALLOYS
942 _2ddc
_cBK
999 _c13931
_d13931